| 000 | 00579nam a22001817a 4500 | ||
|---|---|---|---|
| 999 |
_c8445 _d8445 |
||
| 003 | AR-CdUCM | ||
| 008 | 190325b ||||| |||| 00| 0 spa d | ||
| 040 |
_aMUNICIPALIDAD PROVINCIAL DEL CUSCO _cBIBLIOTECA MUNICIPAL DEL CUSCO |
||
| 082 |
_a869.634 / _bG22O |
||
| 100 |
_aGarcía Márquez, Gabriel _9490 |
||
| 245 |
_aEl olor de la guayaba : _bconversaciones con Plinio Apuleyo Mendoza / |
||
| 260 |
_aLima : _bLa oveja negra, _c1982. |
||
| 300 |
_a133 páginas ; _c19 cm. |
||
| 650 |
_aAutores colombianos _923701 |
||
| 650 |
_aSiglo XX _98 |
||
| 942 |
_2ddc _cLIBROS |
||
| 945 | _aafb | ||